Biggest Cities in Colombia on a Map - Statistics

General Stats
  • This quiz has been taken 436 times
  • The average score is 6 of 10
Answers on the Map
Answers color-coded by a green-red scale on the quiz's map according to % correct below.
 
Answer Stats
Population City % Correct
7,715,800 Bogotá
100%
2,490,200 Medellín
96%
2,205,700 Cali
93%
1,273,600 Barranquilla
88%
914,600 Cartagena
78%
597,300 Bucaramanga
58%
748,900 Cúcuta
45%
664,100 Soledad
27%
749,000 Soacha
25%
536,400 Bello
24%
No matching quizzes found
Score Distribution
Percent of People with Each Score
Percentile by Number Answered
Your Score History
You have not taken this quiz